Statistics for Name that Historical Figure #7 - U.S. Edition

Click here to take the quiz!

General Stats

  • This quiz has been taken 29,014 times
  • The average score is 11 of 20

Answer Stats

Answer% Correct
Rosa Parks
79%
Amelia Earhart
77%
Al Capone
75%
Babe Ruth
73%
Harry S. Truman
65%
Woodrow Wilson
63%
Pocahontas
62%
John Wayne
56%
Edgar Allan Poe
55%
Thomas Edison
51%
Douglas MacArthur
49%
Mark Twain
49%
Frederick Douglass
48%
Robert E. Lee
45%
George Custer
44%
Lucille Ball
44%
Alexander Hamilton
43%
Geronimo
36%
Arthur Ashe
34%
Sally Ride
29%

Score Distribution

Percentile by Number Answered

Percent of People with Each Score

Your Score History

You have not taken this quiz